000 00505 a2200157 4500
005 20260427145145.0
008 260420b |||||||| |||| 00| 0 eng d
020 _a9789370985018
080 _a89M-94
_bMAD/A
100 _aMadhu Nair
245 _aAmericayum njanum (അമേരിക്കയും ഞാനും)
_b:jeevithasmaranakal(ജീവിതസ്മരണകൾ)
260 _bD C books.
_aKottayam.
_c2025.
300 _a216p.
653 _aMemories-Malayalam Literature
942 _cBK
999 _c115290
_d115289